000 00322nam a22001337a 4500
008 181031b xxu||||| |||| 00| 0 eng d
020 _a9780902331945
041 _aeng
080 _a618
100 _a10
101 _aGJIN
245 _aEponyms and Names in Obstetrics and Gynaecology
_cBaskett ,Th. F
942 _2udc
_cBK
999 _c51309
_d51309